La Mujer en los municipios venezolanos: historia y actualidad /

Պահպանված է:
Մատենագիտական մանրամասներ
Հիմնական հեղինակ: Heredia de Salvatierra, Isolda
Ձևաչափ: Տեքստ
Խորագրեր:
Ցուցիչներ: Ավելացրեք ցուցիչ
Չկան պիտակներ, Եղեք առաջինը, ով նշում է այս գրառումը!

MARC

LEADER 00000 a a2200000 04500
001 4270
003
040
100 |a Heredia de Salvatierra, Isolda  
245 |a La Mujer en los municipios venezolanos:   |b historia y actualidad /  |c Isolda Heredia de Salvatierra 
650 |a MUJERES  
650 |a PARTICIPACION POLITICA  
650 |a LIDERAZGO POLITICO  
650 |a GOBIERNO LOCAL  
650 |a PARTICIPACION COMUNITARIA  
650 |a MUJERES  
650 |a PARTICIPACION POLITICA  
650 |a ORGANOS LEGISLATIVOS  
650 |a PARTICIPACION DE LA MUJER  
773 |g número 14; páginas 105-116  
999 |c 34302  |d 34302